Repb︢lica, violencia y gňero en la novela de crm̕enes

Bibliographic Details
Main Author: Forero Quintero, Gustavo
Format: eBook
Language:Spanish
Published: Bogot:̀ Siglo del Hombre Editores, 2019
Subjects:
Online Access:Acceso restringido

MARC

LEADER 00000nam a22000007a 4500
005 20210504223549.0
007 cr|||| ||||
008 210504s2019 co |||||s|||| 00||0 spa d
020 |a 978-958-665-584-2 
035 |a 33252 
040 |a vLex 
090 |c 11613  |d 11613 
100 1 |a Forero Quintero, Gustavo 
245 1 0 |a Repb︢lica, violencia y gňero en la novela de crm̕enes  |h [Recurso electrn̤ico] /  |c Gustavo Forero Quintero 
256 |a Servicio en ln̕ea 
260 |a Bogot:̀  |b Siglo del Hombre Editores,  |c 2019 
300 |a 1 recurso electrn̤ico 
500 |a Este texto recoge los trabajos del Congreso Internacional de Literatura Medelln̕ Negro del 2018 y de colaboradores invitados para resolver preguntas como: ¿cul̀es son las representaciones de la repb︢lica o la democracia en las novelas contemporǹeas? ¿cul̀es son los casos de violencia en estos modelos de organizacin̤ social? , ¿cul̀ es el papel de la mujer en el mundo social de la novela de crm̕enes contemporǹea?. Principios como: el imperio de la ley y la soberana̕ nacional sirven para entender los mecanismos de violencia y discriminacin̤ contra las mujeres, minora̕s ťnicas, trabajadores o intelectuales. La novela de crm̕enes es un espejo t︢il para comprender estas situaciones. 
506 1 |a Disponible solo en los productos indicados  |d vLex Global  |d vLex Global (Academic Edition, excluding Law Schools)  |d vLex Global (U.S. Academic Edition, Law Schools)  |d vLex Global (U.S. Academic Edition, excluding Law Schools)  |d vLex Global (Academic Edition, Law Schools) 
650 0 4 |a Literatura  |z Colombia 
740 0 |a vLex Libros (Servicio en ln̕ea) 
856 4 0 |u https://vlex.com/source/republica-violencia-y-genero-en-la-novela-de-crimenes-33252  |z Acceso restringido 
942 |c BOOK 
999 0 |a Literature